Welcome to CU Library Online Public Access Catalogue (OPAC)

Black's Medical Dictionary (Record no. 8514)

MARC details
000 -LEADER
fixed length control field 00444nam a22001577a 4500
005 - DATE AND TIME OF LATEST TRANSACTION
control field 20251209140408.0
008 - FIXED-LENGTH DATA ELEMENTS--GENERAL INFORMATION
fixed length control field 251209b |||||||| |||| 00| 0 eng d
020 ## - INTERNATIONAL STANDARD BOOK NUMBER
International Standard Book Number 9780713654424
050 ## - LIBRARY OF CONGRESS CALL NUMBER
Classification number R121
Item number .B598
245 ## - TITLE STATEMENT
Title Black's Medical Dictionary
Statement of responsibility, etc. edited by Gordon Macpherson
250 ## - EDITION STATEMENT
Edition statement 40th ed.
260 ## - PUBLICATION, DISTRIBUTION, ETC.
Place of publication, distribution, etc. London
Name of publisher, distributor, etc. A & C Black
Date of publication, distribution, etc. 2002
300 ## - PHYSICAL DESCRIPTION
Other physical details ill. some color
Dimensions 24cm
700 ## - ADDED ENTRY--PERSONAL NAME
Personal name Macpherson, Gordon
942 ## - ADDED ENTRY ELEMENTS (KOHA)
Source of classification or shelving scheme Library of Congress Classification
Koha item type Books
Edition 40th ed.
Suppress in OPAC No
999 ## -
-- 8514
-- 8514
Holdings
Withdrawn status Lost status Source of classification or shelving scheme Damaged status Not for loan Collection Home library Current library Shelving location Date acquired Total checkouts Full call number Barcode Date last seen Copy number Price effective from Koha item type
    Library of Congress Classification     Non-fiction Science Library (Miotso) Science Library (Miotso) Reference 12/09/2025   R121 .B598 BLA SLM00006535 12/09/2025 1 12/09/2025 Books
    Library of Congress Classification     Non-fiction Science Library (Miotso) Science Library (Miotso) Reference 12/09/2025   R121 .B598 BLA SLM00006536 12/09/2025 2 12/09/2025 Books
© 2023-2024 Copyright: Central University Libraries. All Rights Reserved | Created by: Mahone Tech Office